| 000 | 00604nam a2200229Ia 4500 | ||
|---|---|---|---|
| 003 | OSt | ||
| 005 | 20230426164304.0 | ||
| 008 | 210423s2010 xx 000 0 und d | ||
| 020 | _a9780199591640 | ||
| 040 | _cAL | ||
| 041 | _aeng | ||
| 082 |
_a330.156 _223 _bSKIR |
||
| 100 |
_aSKIDELSKY (Robert) _993642 |
||
| 245 | _aKeynes: a very short introduction | ||
| 260 |
_aNew York _bOxford University Press _c2010 |
||
| 300 |
_axiv,193 _bPB |
||
| 365 |
_b165 _cINR |
||
| 650 |
_aEconomics _993643 |
||
| 650 |
_aEconomics _993643 |
||
| 906 | _aintroduction ; Keynes: ; short ; very | ||
| 942 |
_2ddc _cBK |
||
| 999 |
_c161165 _d161165 |
||